Normal view
MARC view
- Ebedded system building blocks
Entry Topical Term
001 - CONTROL NUMBER
- control field: 127351
003 - CONTROL NUMBER IDENTIFIER
- control field: NUST
005 - DATE AND TIME OF LATEST TRANSACTION
- control field: 20250103103519.0
008 - FIXED-LENGTH DATA ELEMENTS
- fixed length control field: 250103|| aca||aabn | a|a d
040 ## - CATALOGING SOURCE
- Original cataloging agency: NUST
- Transcribing agency: NUST
150 ## - HEADING--TOPICAL TERM
- Topical term or geographic name entry element: Ebedded system building blocks
670 ## - SOURCE DATA FOUND
- Source citation: Work cat.: (NUST): Jean J, Labrosse 127350, Ebedded system building blocks , 1995.
